000 00431pab a2200181 454500
008 180718b2014 xxu||||| |||| 00| 0 eng d
100 _aPatnaik, Prabhat
245 _aLenin, Imperialism, and the First World War
260 _c2014
300 _ap.29-46.
362 _aJul-Aug
650 _aFirst World War
650 _aLeninism
650 _aImperialism
773 _aSocial Scientist
908 _aN
909 _a105173
999 _c105168
_d105168